Saint Bernard.
Salvato in:
| Autore principale: | |
|---|---|
| Natura: | Libro |
| Lingua: | francese |
| Pubblicazione: |
Paris :
Éditeur Ernest Flammarion,
1927.
|
| Soggetti: | |
| Tags: |
Nessun Tag, puoi essere il primo ad aggiungerne!!
|
MARC
| LEADER | 00000nam a22000007a 4500 | ||
|---|---|---|---|
| 001 | 20190219135740 | ||
| 003 | BR-CrsFAEV | ||
| 005 | 20251121210408.0 | ||
| 008 | 190219t1927||||fr |||||||||||||1 |bfre|d | ||
| 040 | |a BR-CrsFAEV |b por |c BR-CrsFAEV | ||
| 041 | 0 | |a fre | |
| 080 | 0 | |2 1997 |a 929:235.3Bernardo Cl. |b G748s | |
| 100 | 1 | |9 645 |a Goyau, Georges, |d 1869-1939 | |
| 245 | 1 | 0 | |a Saint Bernard. |
| 260 | |a Paris : |b Éditeur Ernest Flammarion, |c 1927. | ||
| 300 | |a 217 p. ; |c 19 cm. | ||
| 546 | |a Texto em francês. | ||
| 600 | 0 | 0 | |a Bernardus Claraevallensis, |c O.Cist, s., |d 1091-1153 |1 https://viaf.org/viaf/59875293/ |9 6209 |
| 650 | 4 | |a Biografias. |9 156 | |
| 942 | |2 udc |c BK | ||
| 952 | |0 0 |1 0 |2 udc |4 0 |6 9292353BERNARDO_CL_G748S |7 0 |9 24624 |a SBT |b SBT |c DEP-JCD |d 2019-02-19 |l 0 |o 929:235.3Bernardo Cl. G748s |p 291001 |r 2019-02-19 00:00:00 |t ex.01 |w 2019-02-19 |y BK |x Biblioteca MJC | ||
| 999 | |c 21839 |d 21839 | ||